LEADER 01069nam a2200241 i 4500 001 000000160447 003 CaOOAMICUS 005 20090402000000.0 008 090402s1962 it u000 u ita u 013 $a137810 040 $aSeMil$bita 110 0 $aUnione Cristiana Imprenditori Dirigenti.$0(OLS)http://semarc/name/2099 245 10$aConvegno UCID Mater et Magistra :$bMilano, 18 novembre 1961 /$cUCID, Unione cristiana imprenditori dirigenti. 260 $aMilano :$bUCID,$cstampa 1962. 300 $a152 p. :$b[1] ritr. ;$c24 cm. 500 $aIn custodia. - Fondo Card. Giovanni Colombo. 650 4$aGiovanni XXIII - Encicliche . Mater et Magistra.$0(OLS)http://semarc/subject/8904 850 $aSeMil 852 $aSeMil$W1$xVenegono$y1$m2A IV 431$j111922$B111922$CSeMilBibl$Z2$F140912 $81 941 1 $a3 961 $aLascito: Colombo Card. Giovanni 996 $6245$aConvegno UCID Mater et Magistra :$bMilano, 18 novembre 1961$9(OLS)http://semarc/title/143117 996 $6260$aMilano :$bUCID$9(OLS)http://semarc/publisher/44024 LEADER 00641nam a2200169 i 4500 001 000000053207 003 CaOOAMICUS 005 20130124000000.0 008 130124s1887 xx u000 u lat u 013 $a24379 040 $aSeMil$bita 245 10$a1878-1882. 300 $aXVI, 337 p. 773 0 $tSanctissimi domini nostri Leonis Papae 13. allocutiones, epistolae, constitutiones, aliaque acta praecipua.$dBrugis et Insulis : Desclée, De Brouwer et Soc., 1887-1910.$g1$w()27945 850 $aSeMil 852 $aSeMil$W1$xVenegono$y1$m2H IV 61 FA$j19361$B19361$CSeMilBibl$Z2$F19363 $8I 996 $6245$a1878-1882$9(OLS)http://semarc/title/81916